La construcción de realidades inseguras, reflexiones acerca de la violencia en Centroamérica /
En los países de Centroamérica se está llevando a cabo una lucha de definición en temas de violencia, delincuencia e inseguridad, aunque esta lucha no ha sido objeto de un análisis sistemático. Se argumenta que no son los fenómenos de violencia en sí los que desatan histerias de inseguridad o que pr...
Wedi'i Gadw mewn:
| Prif Awdur: | |
|---|---|
| Awduron Eraill: | , |
| Fformat: | Texto |
| Pynciau: | |
| Tagiau: |
Ychwanegu Tag
Dim Tagiau, Byddwch y cyntaf i dagio'r cofnod hwn!
|
MARC
| LEADER | 00000 a a2200000 04500 | ||
|---|---|---|---|
| 001 | 14592 | ||
| 003 | |||
| 040 | |||
| 100 | |a Huhn, Sebastian | ||
| 245 | |a La construcción de realidades inseguras, reflexiones acerca de la violencia en Centroamérica / |c Sebastian Huhn | ||
| 520 | |a En los países de Centroamérica se está llevando a cabo una lucha de definición en temas de violencia, delincuencia e inseguridad, aunque esta lucha no ha sido objeto de un análisis sistemático. Se argumenta que no son los fenómenos de violencia en sí los que desatan histerias de inseguridad o que provocan la implementación de políticas criminales represivas. Más bien, la percepción de y las reacciones a la inseguridad y la violencia se basan en discursos sociales acerca de estos fenómenos | ||
| 650 | |a VIOLENCIA | ||
| 650 | |a SEGURIDAD CIUDADANA | ||
| 650 | |a DELINCUENCIA | ||
| 650 | |a DISCURSOS | ||
| 650 | |a REPRESENTACION SOCIAL | ||
| 650 | |a REPRESION | ||
| 650 | |a ANALISIS DE DISCURSO | ||
| 650 | |a AMERICA CENTRAL | ||
| 700 | |a Oettler, Anika | ||
| 700 | |a Peetz, Peter | ||
| 773 | |g número 117 -118; páginas 73-89 | ||
| 999 | |c 25646 |d 25646 | ||
| 773 | 0 | |0 18728 |9 3026 |a Universidad de Costa Rica |d San José, Costa Rica Editorial UCR 1956- |o 06546 |t Revista de Ciencias Sociales/ |x 04825276 | |
